Amnistía migratoria en Costa Rica 1999-2000 /
La amnistía Migratoria se realizó en 1999, su objetivo era legalizar a los inmigrantes centroamericanos que se encontraban de manera ilegal en Costa Rica. Se especulaba que iban a ser 300 000, sin embargo, fueron 155 316. Esta política pública surgió como respuesta humanitaria debido al desastre oca...
Spremljeno u:
| Glavni autor: | |
|---|---|
| Format: | Tekst |
| Teme: | |
| Oznake: |
Dodaj oznaku
Bez oznaka, Budi prvi tko označuje ovaj zapis!
|
MARC
| LEADER | 00000 a a2200000 04500 | ||
|---|---|---|---|
| 001 | 14484 | ||
| 003 | |||
| 040 | |||
| 100 | |a Mora Izaguirre, Cynthia | ||
| 245 | |a Amnistía migratoria en Costa Rica 1999-2000 / |c Cynthia Mora Izaguirre | ||
| 500 | |a Resumen de la Tesis de Maestría en Ciencias Políticas: "Evaluación del proceso de política pública de la Amnistía Migratoria en Costa Rica 1999-2000" | ||
| 520 | |a La amnistía Migratoria se realizó en 1999, su objetivo era legalizar a los inmigrantes centroamericanos que se encontraban de manera ilegal en Costa Rica. Se especulaba que iban a ser 300 000, sin embargo, fueron 155 316. Esta política pública surgió como respuesta humanitaria debido al desastre ocasionado por el Huracán Mitch en América Central y se realizó en la administración Rodríguez Echeverría. La prepación tomó tres meses y la aplicación seis. Estuvo a cargo de la Dirección General de Migración y Extranjería | ||
| 650 | |a MIGRACION | ||
| 650 | |a POLITICA MIGRATORIA | ||
| 650 | |a COSTA RICA | ||
| 773 | |g número 105 (III); páginas 81-98 | ||
| 999 | |c 30217 |d 30217 | ||
| 773 | 0 | |0 18728 |9 3034 |a Universidad de Costa Rica |d San José, Costa Rica Editorial UCR 1956- |o 17133 |t Revista de Ciencias Sociales/ |x 04825276 | |
| 773 | 0 | |0 18728 |9 3094 |a Universidad de Costa Rica. |d San José, Costa Rica Editorial UCR 1959- |o 18433 |t Revista de Ciencias Sociales/ |x 04825276 | |
